000
00330nam a22001457a 4500
003
SGT
082
_a
618.2
_b
H15C
100
_a
CCRH
245
_a
HOMOEOPATHIC OF MOTHER AND CHILD CARE(OBSTETRICS)
260
_a
DELHI
_b
CCRH
_c
2015
300
_a
270
650
_a
HOMOEOPATHIC
653
_a
MOTHER , CHILE CARE
942
_2
ddc
_c
BK
999
_c
18206
_d
18206